Resolving the innovation paradox enhancing growth in technology companies

Uložené v:
Podrobná bibliografia
Hlavný autor: Haour, Georges
Médium: Kniha
Jazyk:English
Vydavateľské údaje: Basingstoke Palgrave Macmillan 2004
Predmet:
Tagy: Pridať tag
Žiadne tagy, Buďte prvý, kto otaguje tento záznam!

MARC

LEADER 00000nam$a2200000$$$4500
001 0106930
005 20220906091944.7
020 |a 1-4039-1654-3 
041 0 |a eng 
044 |a GB 
245 1 0 |a Resolving the innovation paradox  |b enhancing growth in technology companies  |c Georges Haour 
264 1 |a Basingstoke  |b Palgrave Macmillan  |c 2004 
300 |a 153 s. 
610 2 0 |a inovácia 
610 2 0 |a technológie nové 
610 2 0 |a technológia 
610 2 0 |a rozvoj podniku 
610 2 0 |a rast podniku 
610 2 0 |a manažment 
100 1 |a Haour, Georges